000 00355nam a2200133Ia 4500
008 240624s9999 xx 000 0 und d
041 _aeng
082 _a650.1 GAR
100 _aGARFINKLE JOEL A
245 _aGETTING AHEAD THREE STEPS TO TAKE YOUR C
260 _c2011
_aNew Delhi
_bWiley India
300 _axvi, : 271 : p. : cm. ; 23
365 _cRS
_b30
999 _c22466
_d22466